000 00509nam a22001937a 4500
001 sjds
003 sjds
005 20230214120140.0
008 230214b |||||||| |||| 00| 0 spa d
020 _a 9788476550120
020 _a847655012X
040 _csjds
041 _aspa
245 _aEn el parque
260 _a[Place of publication not identified] :
_bPlaza Joven,
_cc1986
300 _a10 unnumbered pages :
_bcolor illustrations ;
_c 15 cm
440 _a Mi primer libro irrompible
942 _cBK
999 _c28048
_d28048